| 000 | 00577cam a2200193 i 4500 | ||
|---|---|---|---|
| 005 | 20250901165406.0 | ||
| 008 | 790425s1979 nyuaf 001 0beng | ||
| 010 | _a 79004762 | ||
| 020 |
_a0394419545 : _c$15.00 |
||
| 050 | 0 | 0 |
_aPN1998.A3 .K67 1979 _bK587 |
| 082 | 0 | 0 |
_a791.43/0232/0924 _aB |
| 100 | 1 |
_aKorda, Michael, _d1933- |
|
| 245 | 1 | 0 |
_aCharmed lives : _ba family romance / _cMichael Korda. |
| 250 | _a1st ed. | ||
| 260 |
_aNew York : _bRandom House, _cc1979. |
||
| 300 |
_a498 p., [16] leaves of plates : _bill. ; _c24 cm. |
||
| 500 | _aIncludes index. | ||
| 942 | _2ddc | ||
| 999 |
_c3227 _d3227 |
||